000 00889nam a2200277Ia 4500
003 OSt
005 20221005062036.0
006 a|||||r|||| 00| 0
007 ta
008 221004b |||||||| |||| 00| 0 eng d
020 _a9780415635455 (hbk)
_c14488.5
024 _a25750
037 _b1162, 22/03/2016, Bright Book Service
_cTextual
040 _aCRL
_cCRL
_beng
041 _2eng
_aeng
082 _aX5.6, Q5
100 _aNwankwo Sonny Ed.
_9474479
245 0 _aRoutledge companion to business in africa
260 _aLondon
_bRoutledge UK
_c2015
300 _axxvii, 595p.
_ccm.
490 _aRoutledge companions in business, management and accounting
650 _aECONOMICS
700 _a Ibeh Kevin Ed.
_9601413
942 _hX5.6, Q5
_cTEXL
_2cc
999 _c969126
_d969126